| 000 | 00668cam a22002052 4500 | ||
|---|---|---|---|
| 001 | 0000003492 | ||
| 005 | 20151021151101.0 | ||
| 008 | 070508s xx 000 0 eng d | ||
| 020 | _a9966915397 : | ||
| 040 |
_aKABU _cKABU |
||
| 050 | 0 |
_aKSK4516 _b.I55 |
|
| 245 | 1 | 0 |
_aInitiatives against corruption in Kenya : _blegal and policy interventions 1995-2001 / _ced. by Kivutha Kibwana .... [et al.] |
| 260 |
_aNairobi : _bClaripress, _c2001. |
||
| 300 | _ax, 212 p. | ||
| 650 | 0 |
_aPolitical corruption _zKenya. _@0000153212 |
|
| 700 | 1 |
_aKibwana, Kivutha. _@0000153213 |
|
| 908 | _a070508 | ||
| 950 | _@1 | ||
| 999 |
_c499 _d499 |
||